000 01004nam a22003015a 4500
008 150824t1996 u ||||fr|||| 001 0 eng d
010 _a 95051743
020 _a1565103971 (lib. : alk. paper)
020 _a1565103963 (pbk. : alk. paper)
020 _a9781565103962
040 _aEG-ScBuE
_beng
_cEG-ScBuE
082 0 4 _a363.7
_bENV
_222
245 0 4 _aThe environment :
_bopposing viewpoints /
_cedit by A.E. Sadler.
260 _aSan Diego :
_bGreenhaven Press,
_cc.1996.
300 _a216 p. :
_bill. ;
_c23 cm.
490 1 _aOpposing viewpoints series
500 _aIndex : p. 210-216.
504 _aBibliography : p. 208-209.
590 _ayassmeen ashraf
650 0 _aEnvironmental degradation.
_2BUEsh
_924306
650 0 _aSustainable development.
_2BUEsh
650 0 _aHuman ecology
_zUnited States.
_2BUEsh
651 _2BUEsh
653 _bBUSECO
_cAugust2015
700 1 _aSadler, A. E.,
_d1961-
830 0 _aOpposing viewpoints series (Unnumbered)
942 _cBB
_k363.7 ENV
_2ddc
999 _c10678
_d5494